000 00344nam a2200157Ia 4500
100 _aBrey. barry B.
250 _a4
942 _cBK
654 _aComputer
245 _aIntel Microprocessors 8086/ 486 Pentium Pro Process
260 _bPrentice Hall
_c1997
082 _a4.165
_bBRE
300 _a907
546 _aENGLISH
999 _c27013
_d27013